| 000 | 00445nam a22001457a 4500 | ||
|---|---|---|---|
| 008 | 231003b |||||||| |||| 00| 0 eng d | ||
| 020 | _a9789555078337 | ||
| 100 | _aMohideen, M. I. M. | ||
| 245 | _aResearch reports on Muslim' grievances in Sri Lanka | ||
| 260 |
_aColombo : _bAl- Ceylan Muslim Documentation Centre, _c2010 |
||
| 650 | _aMUSLIMS- Sri Lanka | ||
| 650 | _aMuslim grievances-Sri Lanka | ||
| 700 | _aVazeer, M. D. M. | ||
| 942 | _cRP | ||
| 999 |
_c3772 _d3772 |
||